Eintracht Frankfurt Squad 2021-2022 - Statistics

General Stats
  • This quiz has been taken 101 times
  • The average score is 21 of 33
Answer Stats
# Position Nation Player % Correct
1 GK Germany Kevin Trapp
100%
15 MF Japan Daichi Kamada
95%
10 MF Serbia Filip Kostić
93%
8 MF Switzerland Djibril Sow
92%
19 FW Colombia Rafael Santos Borré
91%
2 DF France Evan N'Dicka
89%
13 DF Austria Martin Hinteregger
87%
6 MF Croatia Kristijan Jakić
81%
22 DF United States Timothy Chandler
80%
29 MF Denmark Jesper Lindstrøm
79%
20 MF Japan Makoto Hasebe
79%
17 MF Germany Sebastian Rode
79%
35 DF Brazil Tuta
79%
- Coach Austria Oliver Glasner
75%
23 FW Norway Jens Petter Hauge
73%
7 MF Australia Ajdin Hrustic
71%
18 DF Mali Almamy Touré
65%
36 FW Germany Ansgar Knauff
65%
9 FW Netherlands Sam Lammers
59%
27 MF Morocco Aymen Barkok
57%
39 FW Portugal Gonçalo Paciência
57%
3 MF Austria Stefan Ilsanker
57%
24 DF Germany Danny da Costa
53%
31 GK Germany Jens Grahl
53%
25 DF Germany Christopher Lenz
45%
40 GK Germany Diant Ramaj
45%
37 DF Germany Erik Durm
41%
21 FW Germany Ragnar Ache
39%
46 FW Cyprus Antonio Foti
28%
32 MF Germany Amin Younes
16%
38 FW Spain Enrique Herrero García
12%
49 DF Germany Jan Schröder
11%
48 FW Germany Gianluca Schäfer
8%
No matching quizzes found
Score Distribution
Percent of People with Each Score
Percentile by Number Answered
Your Score History
You have not taken this quiz